A cégbejegyzés alapvető szabályai
Elmentve itt :
| Szerző: | |
|---|---|
| További közreműködők: | |
| Dokumentumtípus: | Szakdolgozat |
| Megjelent: |
2005
|
| Tárgyszavak: | |
| Online Access: | http://diploma.bibl.u-szeged.hu/28889 |
| LEADER | 00551nta a2200157 i 4500 | ||
|---|---|---|---|
| 001 | dipl28889 | ||
| 005 | 20130314085936.0 | ||
| 008 | 110714s2005 hu om 0|| zxx d | ||
| 040 | |a SZTE Diploma Repozitórium |b hun | ||
| 041 | |a zxx | ||
| 100 | 1 | |a Ujvári Sándor | |
| 245 | 1 | 2 | |a A cégbejegyzés alapvető szabályai |h [elektronikus dokumentum] / |c Sándor Ujvári |
| 260 | |c 2005 | ||
| 650 | 4 | |a Jogi és igazgatási tanulmányok | |
| 700 | 1 | |a Gaál Sándor |e ths | |
| 856 | 4 | 0 | |u http://diploma.bibl.u-szeged.hu/id/eprint/28889/1/2005_ujvari_sandor_229.pdf |z Dokumentum-elérés |